000 00862nam a22002897a 4500
001 7210
003 FISKH
005 20250702150246.0
008 250702b cb ||||| |||| 00| 0 eng d
020 _a9780439662161
040 _aFISKH
_beng
_cFISKH
_dFISKH
050 _aPZ7.S86037 B
082 _a 813.54
100 _aStine, R.L
_d(1943-)
245 _aGoosebumps :
_bBad hare day /
_cR.L. Stine
250 _aThis edition first published in 1996
260 _aNew York :
_bScholastic,
_c1996
300 _a117 pages :
_c20 cm
505 _aJ
520 _aWhen Tim Swanson discovers his favorite magician is a total grump, he steals his bag of secret, scary tricks.
521 8 _a440
_bLexile
521 8 _aJ
_bRaz-Plus
650 _2Horror
_aMiddle grade
650 _2Juvenile fiction
_aSuspense
942 _2ddc
_cBK
_n0
999 _c7210
_d7210